00312nam a2200121Ia 45000030006000000080041000060400015000471000028000622450062000902600009001525460012001610050017001730STCL150530s9999 xx 000 0 und d aSTCLcSTCL aRobinson; Davis; Editor aEdwin Arlington Robinson selected early poems and letters c1965 aEnglish20220125171337.0